• 首页
  • 本馆介绍
  • 公告通知
  • 最新文献
  • 馆藏检索
  • 电子资源
  • 读者导购
  • 参考咨询
  • 我的图书馆
  • 登录
  • 详细信息显示
  • 放入我的书架
  • 预约/预借图书
  • 作者相关作品
  • 分类相关作品
  • 丛书相关作品
  • 出版社相关作品

书目信息

  • 表格格式
  • 工作单格式
  • 卡片格式
题名:
吉普赛月光号
    
 
作者: 赫尔利 著 ;陆骏 译
分册:  
出版信息: 重庆   重庆出版社  2015
页数: 258页
开本: 21cm
丛书名:
单 册:
中图分类: I712.65
科图分类:
主题词: 散文集--美国--现代
电子资源:
ISBN: 978-7-229-09477-5
000 01329nam0 2200253 450
001 2375825287
005 20231211210355.94
010    @a978-7-229-09477-5@dCNY36.00
100    @a20150715d2015 em y0chiy50 ea
101 1  @achi@ceng
102    @aCN@b500000
105    @ay z 000cy
200 1  @a吉普赛月光号@Aji pu sai yue guang hao@d= Once upon a gypsy moon: an improbable voyage and one man's yearning for redemption@f(美) 迈克尔·赫尔利著@g陆骏译@zeng
210    @a重庆@c重庆出版社@d2015
215    @a258页@d21cm
314    @a迈克尔·赫尔利, 先后毕业于马里兰大学英文系和圣路易大学法律系, 1984年起成为一名执业律师。
330    @a本书是一部借航海旅行完成自省与成长的通俗作品。作者在失去工作、婚姻破裂、人生失败之后, 带着向大自然和旅行求助的希望, 带着对未来深深的憧憬, 他驾驶着那艘32英尺长的帆船--吉普赛月光号, 开始了他的远航, 到海上找回失落的自我。本书用优美的散文式的笔调讲述了两年的冒险之旅, 而作者关于生与死、信仰与怀疑、爱情与婚姻的思考与反省, 能使读者重新看待生活中真正重要的东西, 获得心灵的抚慰。
500 10 @aOnce upon a gypsy moon : an improbable voyage and one man's yearning for redemption@mChinese
606 0  @a散文集@y美国@z现代
690    @aI712.65@v5
701  1 @a赫尔利@Ahe er li@g(Hurley, Michael)@4著
702  0 @a陆骏@Alu jun@4译
801  0 @aCN@b湖北三新@c20150715
905    @aZUCC@dI712.65@e100
    
    吉普赛月光号= Once upon a gypsy moon: an improbable voyage and one man's yearning for redemption/(美) 迈克尔·赫尔利著/陆骏译.-重庆:重庆出版社,2015
    258页;21cm
    
    
    ISBN 978-7-229-09477-5:CNY36.00
    本书是一部借航海旅行完成自省与成长的通俗作品。作者在失去工作、婚姻破裂、人生失败之后, 带着向大自然和旅行求助的希望, 带着对未来深深的憧憬, 他驾驶着那艘32英尺长的帆船--吉普赛月光号, 开始了他的远航, 到海上找回失落的自我。本书用优美的散文式的笔调讲述了两年的冒险之旅, 而作者关于生与死、信仰与怀疑、爱情与婚姻的思考与反省, 能使读者重新看待生活中真正重要的东西, 获得心灵的抚慰。
●
相关链接 在五车中查询图书 在当当中查询图书 在豆瓣中查询图书


正题名:吉普赛月光号     索取号:I712.65/100         预约/预借

序号 登录号 条形码 馆藏地/架位号 状态 备注
1 2001426458   2001426458   209书库/ [索取号:I712.65/100] 在馆    
2 2001426459   2001426459   209书库/ [索取号:I712.65/100] 在馆    
3 2001426460   2001426460   209书库/ [索取号:I712.65/100] 在馆    
4 2001426461   2001426461   209书库/ [索取号:I712.65/100] 在馆    
5 2001426462   2001426462   209书库/ [索取号:I712.65/100] 在馆    
6 2001426463   2001426463   209书库/ [索取号:I712.65/100] 在馆    
7 2001426464   2001426464   209书库/ [索取号:I712.65/100] 在馆    
8 2001426465   2001426465   209书库/ [索取号:I712.65/100] 在馆    
9 2001426466   2001426466   209书库/ [索取号:I712.65/100] 在馆    
10 2001426467   2001426467   209书库/ [索取号:I712.65/100] 在馆    
山东省滨州职业学院图书馆 欢迎您!
大连网信软件有限公司© 版权所有